000 00518nam a22002057a 4500
003 OSt
005 20160713170804.0
008 160713b xxu||||| |||| 00| 0 eng d
020 _a9780761940302
040 _cDNLM.
082 _aWB100L974m 2003.
100 _aDeborah,Lupton;
_910181
245 _aMedicine as Culture.
250 _a2nd ed.
260 _aLos Angels.
_bSAGE.
_c2003.
300 _a202p;
_bill;
_c24cm.
504 _aincludes references and index.
650 _aMedicine.
_9324
942 _2z
_cO_SHELF
999 _c4727
_d4727